000
00319nam a2200109 a 4500
005
20201002044906.0
008
140401s1970 000 spa d
100
_a
Castillo Solórzano, Alonso del
_9
71467
245
4
_a
Las aventuras del bachiller trapaza.
260
_a
Madrid -- Libra,
_c
1970 -- 201 p.
999
_c
43122
_d
43122
040
_a
DO-SdBNP